| 000 | 00598nam a2200157Ia 4500 | ||
|---|---|---|---|
| 008 | 160316s2013 xxu||||| |||| 00| 0 eng d | ||
| 082 |
_a341.470000 _bHOB-III-2 |
||
| 100 | _aHobe Stephan | ||
| 245 | _aCologne commentary on space law Vol. III : DBS principles, RS principles, NPS principles, SB declaration, LS resolution, RegPract resolution, NatLeg resolutions, COPUOS SDM guidelines | ||
| 250 | _a | ||
| 260 |
_aDeutsche _bCarl Heymanns Berlag _c2013 |
||
| 300 |
_a698p _b _c |
||
| 365 | _b | ||
| 650 | _a1. International Space Law - Commentary | ||
| 700 |
_aSchmidt-Tedd Bernhard _aSchrogl KaI-Uwe |
||
| 999 |
_c39798 _d39798 |
||